00462pam a2200157 a 4500020003600000040000800036082002700044100002100071245005500092250001200147260003400159300005700193500002000250650001500270700001900285 a0471100420 (cloth : alk. paper) cDLC00a540 J.WI 1996 A026 Or.1 aBrady, James E.,10aChemistry :bthe study of matter and its changes / a2nd ed. aNew York :bJ. Wiley,cc1996. a1 v. (various pagings) :bill. (some col.) ;c26 cm. aIncludes index. 0aChemistry.1 aHolum, John R.